000 00315nam a2200121Ia 4500
008 190216s9999||||xx |||||||||||||| ||und||
100 _aMichell J Sienko & Robert A Plane
245 0 _aChemistry Principles And Applications
260 _bMcgraw -hill
_c1986
300 _a690p
650 _aChemistry
942 _cBK
999 _c2644
_d2644